El reconocimiento efectivo del acceso al derecho a la identidad de género en adolescentes trans / (Registro nro. 6071)
[ vista simple ]
| 000 -LEADER | |
|---|---|
| fixed length control field | 01138nab a22002297a 4500 |
| 003 - CONTROL NUMBER IDENTIFIER | |
| control field | OSt |
| 005 - DATE AND TIME OF LATEST TRANSACTION | |
| control field | 20260121011245.0 |
| 008 - FIXED-LENGTH DATA ELEMENTS--GENERAL INFORMATION | |
| fixed length control field | 190514b xxu||||| |||| 00| 0 spa d |
| 040 ## - CATALOGING SOURCE | |
| Transcribing agency | PJ |
| 100 ## - MAIN ENTRY--PERSONAL NAME | |
| 9 (RLIN) | 6668 |
| Personal name | Martino, Carolina B. |
| 245 13 - TITLE STATEMENT | |
| Title | El reconocimiento efectivo del acceso al derecho a la identidad de género en adolescentes trans / |
| Statement of responsibility, etc | Carolina B. Martino. |
| 300 ## - PHYSICAL DESCRIPTION | |
| Extent | p. 178-185 |
| 500 ## - GENERAL NOTE | |
| General note | Cita: TR LALEY AR/DOC/979/2024. |
| 505 ## - FORMATTED CONTENTS NOTE | |
| Formatted contents note | Sumario: I. Introducción.— II. Hechos y resolución del caso.— III. Encuadre normativo.— IV. Precedentes sobre la materia.— V. Contexto global.— VI. Breve reflexión final. |
| 505 ## - FORMATTED CONTENTS NOTE | |
| Title | Fallo comentado: JFamilia, Niñez y Adolescencia Nro. 3 Neuquén ~ 30/10/2023 ~ P. A. A. V. E. s/ medida autosatisfactiva. |
| 650 #0 - SUBJECT ADDED ENTRY--TOPICAL TERM | |
| 9 (RLIN) | 967 |
| Topical term or geographic name as entry element | DERECHO DE FAMILIA |
| 650 #0 - SUBJECT ADDED ENTRY--TOPICAL TERM | |
| 9 (RLIN) | 4305 |
| Topical term or geographic name as entry element | DERECHO A LA IDENTIDAD DE GÉNERO |
| 650 #0 - SUBJECT ADDED ENTRY--TOPICAL TERM | |
| 9 (RLIN) | 5662 |
| Topical term or geographic name as entry element | ADOLESCENTES |
| 650 #0 - SUBJECT ADDED ENTRY--TOPICAL TERM | |
| 9 (RLIN) | 1057 |
| Topical term or geographic name as entry element | JURISPRUDENCIA APLICABLE |
| 773 0# - HOST ITEM ENTRY | |
| Host Biblionumber | 2844 |
| Host Itemnumber | 3222 |
| Place, publisher, and date of publication | Buenos Aires : AbeledoPerrot, 1989- |
| Title | Derecho de familia. Revista Interdisciplinaria de doctrina y jurisprudencia. Junio 2024-III. |
| International Standard Book Number | 18511201 |
| 942 ## - ADDED ENTRY ELEMENTS (KOHA) | |
| Source of classification or shelving scheme | |
| Koha item type | Analítica Artículo de Revista |
No hay ítems disponibles.
